| 000 | 00721cam a2200193 4500500 | ||
|---|---|---|---|
| 005 | 20251012020538.0 | ||
| 041 | _afre | ||
| 042 | _adc | ||
| 100 | 1 | 0 |
_aDaddah, Donatien _eauthor |
| 700 | 1 | 0 |
_a Glele Ahanhanzo, Yolaine _eauthor |
| 700 | 1 | 0 |
_a Kpozehouen, Alphonse _eauthor |
| 700 | 1 | 0 |
_a Hounkpe Dos-Santos, Bella _eauthor |
| 700 | 1 | 0 |
_a Levêque, Alain _eauthor |
| 245 | 0 | 0 | _aPrévalence et facteurs associés au non-retour au travail à 12 mois chez les motocyclistes de la cohorte TraumAR |
| 260 | _c2024. | ||
| 500 | _a77 | ||
| 786 | 0 | _nSanté Publique | 36 | HS1 | 2024-09-26 | p. 85-85 | 0995-3914 | |
| 856 | 4 | 1 | _uhttps://shs.cairn.info/revue-sante-publique-2024-HS1-page-85?lang=fr&redirect-ssocas=7080 |
| 999 |
_c1535897 _d1535897 |
||